Estadísticas para Consortes de los Monarcas Ingleses

Haz click aquí para intentar la prueba.

Estadísticas generales

  • Esta prueba ha sido intentada 695 veces
    (509 desde el último reinicio)
  • La puntuación promedio es 10 de 20

Estadísticas de respuestas

#Consorte% Correcto
6Isabel
95%
2María
92%
5Ana
86%
5Catalina
74%
2Juana
72%
1Felipe
69%
1Camila
53%
1Alberto
47%
2Margarita
47%
1Carlota
44%
1Jorge
44%
3Leonor
43%
1Alejandra
38%
2Carolina
34%
1Enriqueta María
32%
3Matilde
29%
1Felipa
27%
1Adelaida
26%
1Berenguela
26%
1Adeliza
18%

Distribución de puntuación

Porcentaje por número respondido

Porcentaje de gente con cada puntuación

Historial de tus puntuaciones

No has intentado esta prueba desde el último reinicio